| 000 | 01206nam a22003137a 4500 | ||
|---|---|---|---|
| 001 | 5216 | ||
| 003 | FISKH | ||
| 005 | 20241119160450.0 | ||
| 008 | 241119b cb ||||| |||| 00| 0 eng d | ||
| 020 | _a9780194791281 | ||
| 040 |
_aFISKH _beng _cFISKH _dFISKH |
||
| 050 | _aPZ7.N43777 | ||
| 082 | _a823.8 | ||
| 100 | _aNesbit, Edith | ||
| 245 |
_aThe Railway Children / _cby Edith Nesbit |
||
| 250 | _aFirst published in Oxford Bookworms 1993 | ||
| 260 |
_aNew York : _bOxford University Press ; _c2003. |
||
| 300 |
_a72 pages : _billustrations ; _c21 cm . |
||
| 490 |
_aOxford Bookworms _vStage 3 |
||
| 505 | _aU | ||
| 520 | _aClassic Literature. Juvenile Fiction. HTML: When their father is taken away by strangers, the lives of three children are altered forever. They move with their mother to a cottage by a railway. The railway becomes their playground, and they befriend the rail workers and passengers who eventually help to reunite them with their father. | ||
| 521 | 8 |
_a840
_bLexile |
|
| 521 | 8 |
_aU
_bRaz-Plus |
|
| 650 |
_a classics _vfiction |
||
| 650 |
_aFolio Society _vfiction |
||
| 700 |
_aBirkett, Rachel _eillustrator |
||
| 942 |
_2ddc _cBK _n0 |
||
| 999 |
_c5216 _d5216 |
||